CRC standard curves and surfaces with Mathematica / (Record no. 478596)

000 -LEADER
fixed length control field 01422cam a2200373 i 4500
001 - CONTROL NUMBER
control field 18978291
003 - CONTROL NUMBER IDENTIFIER
control field NUST
005 - DATE AND TIME OF LATEST TRANSACTION
control field 20180605073217.0
008 - FIXED-LENGTH DATA ELEMENTS--GENERAL INFORMATION
fixed length control field 160217t20162016flua bf 001 0 eng
010 ## - LIBRARY OF CONGRESS CONTROL NUMBER
LC control number 2016003216
020 ## - INTERNATIONAL STANDARD BOOK NUMBER
International Standard Book Number 9781482250213 (alk. paper)
020 ## - INTERNATIONAL STANDARD BOOK NUMBER
International Standard Book Number 1482250217 (alk. paper)
038 ## - RECORD CONTENT LICENSOR
Staff Name SNS Library
040 ## - CATALOGING SOURCE
Original cataloging agency DLC
Language of cataloging eng
Transcribing agency DLC
Description conventions rda
Modifying agency DLC
042 ## - AUTHENTICATION CODE
Authentication code pcc
050 00 - LIBRARY OF CONGRESS CALL NUMBER
Classification number QA643
Item number .V66 2016
082 00 - DEWEY DECIMAL CLASSIFICATION NUMBER
Classification number 516.3520 VON 2016
Edition number 23
100 1# - MAIN ENTRY--PERSONAL NAME
Personal name David H. von Seggern,
Fuller form of name (David Henry)
9 (RLIN) 11008
245 10 - TITLE STATEMENT
Title CRC standard curves and surfaces with Mathematica /
Statement of responsibility, etc. David H. von Seggern, University of Nevada, Reno, Nevada, USA.
250 ## - EDITION STATEMENT
Edition statement Third edition.
264 #1 - PRODUCTION, PUBLICATION, DISTRIBUTION, MANUFACTURE, AND COPYRIGHT NOTICE
Place of production, publication, distribution, manufacture Boca Raton :
Name of producer, publisher, distributor, manufacturer CRC Press, Taylor & Francis,
Date of production, publication, distribution, manufacture, or copyright notice 2016.
300 ## - PHYSICAL DESCRIPTION
Extent xiii, 460 pages :
Other physical details illustrations ; Hb.
Dimensions 26 cm. +
Accompanying material 1 CD-ROM (4 3/4 in.)
336 ## - CONTENT TYPE
Content type term text
Source rdacontent
337 ## - MEDIA TYPE
Media type term unmediated
Source rdamedia
338 ## - CARRIER TYPE
Carrier type term volume
Source rdacarrier
490 0# - SERIES STATEMENT
Series statement Advances in applied mathematics
500 ## - GENERAL NOTE
General note "A Chapman & Hall book."
504 ## - BIBLIOGRAPHY, ETC. NOTE
Bibliography, etc. note Includes bibliographical references and index.
650 #0 - SUBJECT ADDED ENTRY--TOPICAL TERM
Topical term or geographic name entry element Curves on surfaces
Form subdivision Handbooks, manuals, etc.
9 (RLIN) 11009
650 #0 - SUBJECT ADDED ENTRY--TOPICAL TERM
Topical term or geographic name entry element Mathematica (Computer program language)
Form subdivision Handbooks, manuals, etc.
9 (RLIN) 11010
906 ## - LOCAL DATA ELEMENT F, LDF (RLIN)
a 7
b cbc
c orignew
d 1
e ecip
f 20
g y-gencatlg
942 ## - ADDED ENTRY ELEMENTS (KOHA)
Source of classification or shelving scheme
Koha item type Book
Holdings
Withdrawn status Lost status Source of classification or shelving scheme Damaged status Not for loan Permanent Location Current Location Date acquired Total Checkouts Full call number Barcode Date last seen Price effective from Koha item type
          School of Natural Sciences (SNS) School of Natural Sciences (SNS) 06/05/2018   516.3520 VON 2016 SNS0002567 05/29/2025 06/05/2018 Book
© 2023 Central Library, National University of Sciences and Technology. All Rights Reserved.